| 000 | 00490nam a22001817a 4500 | ||
|---|---|---|---|
| 999 |
_c527079 _d527079 |
||
| 003 | NUST | ||
| 005 | 20190719061804.0 | ||
| 008 | 190719b ||||| |||| 00| 0 eng d | ||
| 038 | _aMr. Noman | ||
| 082 | _a658.4 | ||
| 100 |
_aNauman, Muhammad _918171 |
||
| 245 |
_aCHANGE MANAGEMENT IN MOBILINK-THE HUMAN SIDE / _cMUHAMMAD NAUMAN. |
||
| 260 |
_aIslamabad: _bNBS - NUST, _c2014. |
||
| 300 |
_aill. ; _c30cm. |
||
| 500 | _aHardcover. | ||
| 650 |
_aEMBA Thesis. _917645 |
||
| 942 |
_2ddc _cTHE |
||